Isurv (Record no. 102909)
[ view plain ]
| 000 -LEADER | |
|---|---|
| fixed length control field | 04113cam a2201069 4500 |
| 001 - CONTROL NUMBER | |
| control field | L122696 |
| 008 - FIXED-LENGTH DATA ELEMENTS--GENERAL INFORMATION | |
| fixed length control field | 030113n2004 000 0 eng u |
| 020 ## - INTERNATIONAL STANDARD BOOK NUMBER | |
| International Standard Book Number | 1842191519 |
| -- | 9781842191514 |
| 035 ## - SYSTEM CONTROL NUMBER | |
| System control number | (Sirsi) u122696 |
| 041 ## - LANGUAGE CODE | |
| Language code of text/sound track or separate title | eng |
| 050 ## - LIBRARY OF CONGRESS CALL NUMBER | |
| Classification number | 333.72 |
| -- | 18 |
| 110 ## - MAIN ENTRY--CORPORATE NAME | |
| Corporate name or jurisdiction name as entry element | Royal Institution of Chartered Surveyors |
| 9 (RLIN) | 4900 |
| 245 ## - TITLE STATEMENT | |
| Title | Isurv |
| Remainder of title | construction |
| Medium | [multimedia] |
| 260 ## - PUBLICATION, DISTRIBUTION, ETC. | |
| Place of publication, distribution, etc. | London |
| Name of publisher, distributor, etc. | RICS |
| Date of publication, distribution, etc. | 2004- |
| 490 ## - SERIES STATEMENT | |
| Series statement | RICS Isurv.co.uk Series |
| 505 ## - FORMATTED CONTENTS NOTE | |
| Formatted contents note | Benchmarking |
| 505 ## - FORMATTED CONTENTS NOTE | |
| Formatted contents note | Building control |
| 505 ## - FORMATTED CONTENTS NOTE | |
| Formatted contents note | Building maintenance |
| 505 ## - FORMATTED CONTENTS NOTE | |
| Formatted contents note | Building services procurement |
| 505 ## - FORMATTED CONTENTS NOTE | |
| Formatted contents note | Capital allowances |
| 505 ## - FORMATTED CONTENTS NOTE | |
| Formatted contents note | CDM |
| 505 ## - FORMATTED CONTENTS NOTE | |
| Formatted contents note | The chartered surveyor as lead consultant |
| 505 ## - FORMATTED CONTENTS NOTE | |
| Formatted contents note | The client's requirements and roles |
| 505 ## - FORMATTED CONTENTS NOTE | |
| Formatted contents note | Collateral warranties |
| 505 ## - FORMATTED CONTENTS NOTE | |
| Formatted contents note | Computer-aided design |
| 505 ## - FORMATTED CONTENTS NOTE | |
| Formatted contents note | Conceptual cost planning |
| 505 ## - FORMATTED CONTENTS NOTE | |
| Formatted contents note | Condition surveys |
| 505 ## - FORMATTED CONTENTS NOTE | |
| Formatted contents note | Cost management |
| 505 ## - FORMATTED CONTENTS NOTE | |
| Formatted contents note | DDA |
| 505 ## - FORMATTED CONTENTS NOTE | |
| Formatted contents note | Defining sustainable construction |
| 505 ## - FORMATTED CONTENTS NOTE | |
| Formatted contents note | Design and build |
| 505 ## - FORMATTED CONTENTS NOTE | |
| Formatted contents note | Dispute resolution |
| 505 ## - FORMATTED CONTENTS NOTE | |
| Formatted contents note | Document management |
| 505 ## - FORMATTED CONTENTS NOTE | |
| Formatted contents note | Elements for buildings |
| 505 ## - FORMATTED CONTENTS NOTE | |
| Formatted contents note | Extensions of time |
| 505 ## - FORMATTED CONTENTS NOTE | |
| Formatted contents note | Insurance |
| 505 ## - FORMATTED CONTENTS NOTE | |
| Formatted contents note | KPIs |
| 505 ## - FORMATTED CONTENTS NOTE | |
| Formatted contents note | Letters of intent |
| 505 ## - FORMATTED CONTENTS NOTE | |
| Formatted contents note | Liquidated damages |
| 505 ## - FORMATTED CONTENTS NOTE | |
| Formatted contents note | Loss and expense |
| 505 ## - FORMATTED CONTENTS NOTE | |
| Formatted contents note | Measured survey |
| 505 ## - FORMATTED CONTENTS NOTE | |
| Formatted contents note | Non-standard bespoke forms of contract |
| 505 ## - FORMATTED CONTENTS NOTE | |
| Formatted contents note | Party walls |
| 505 ## - FORMATTED CONTENTS NOTE | |
| Formatted contents note | PFI |
| 505 ## - FORMATTED CONTENTS NOTE | |
| Formatted contents note | Post-occupancy review |
| 505 ## - FORMATTED CONTENTS NOTE | |
| Formatted contents note | Practical completion |
| 505 ## - FORMATTED CONTENTS NOTE | |
| Formatted contents note | Procurement stategies |
| 505 ## - FORMATTED CONTENTS NOTE | |
| Formatted contents note | Rights to light |
| 505 ## - FORMATTED CONTENTS NOTE | |
| Formatted contents note | Risk management |
| 505 ## - FORMATTED CONTENTS NOTE | |
| Formatted contents note | Site inspections |
| 505 ## - FORMATTED CONTENTS NOTE | |
| Formatted contents note | Soil surveys |
| 505 ## - FORMATTED CONTENTS NOTE | |
| Formatted contents note | Specifications |
| 505 ## - FORMATTED CONTENTS NOTE | |
| Formatted contents note | Standard forms of contract |
| 505 ## - FORMATTED CONTENTS NOTE | |
| Formatted contents note | Supply chain management and lean construction |
| 505 ## - FORMATTED CONTENTS NOTE | |
| Formatted contents note | VAT |
| 505 ## - FORMATTED CONTENTS NOTE | |
| Formatted contents note | Valuations for interim certificates |
| 505 ## - FORMATTED CONTENTS NOTE | |
| Formatted contents note | Value engineering |
| 505 ## - FORMATTED CONTENTS NOTE | |
| Formatted contents note | Whole life costing |
| 520 ## - SUMMARY, ETC. | |
| Summary, etc. | Aims to help construction professionals keep up to date with current practice, regulatory matters, compliance and RICS guidance. Contains practical commentary, access to all relevant RICS guidance, and hypertext links to appropriate external sites. The practical commentary chapters cover all aspects of the construction process, from inception and feasibility, through construction itself, to completion, hand-over, occupation and post-completion review. Material from the "Surveyors construction handbook" is incorporated into this new service, under the relevant subject headings. A full list of material from the handbook, in its original order, is provided in the RICS material index. The April 2005 update includes new material in the following chapters: insurance; procurement; VAT; document management; building control; supply chain management and lean construction; and capital allowances. |
| 520 ## - SUMMARY, ETC. | |
| Summary, etc. | Supersedes the "Surveyors construction handbook" (ISBN 0854068651) |
| 520 ## - SUMMARY, ETC. | |
| Summary, etc. | Subscribers to "Isurv construction" will be able to access it at www.isurv.co.uk using the username and password issued to them. Other RICS members will be able to use it via the public access terminals in the RICS Library - please ask Library Staff for details. |
| 590 ## - LOCAL NOTE (RLIN) | |
| Local note | IKA190505 |
| 690 ## - LOCAL SUBJECT ADDED ENTRY--TOPICAL TERM (OCLC, RLIN) | |
| Topical term or geographic name as entry element | BUILT ENVIRONMENT |
| 700 ## - ADDED ENTRY--PERSONAL NAME | |
| Personal name | Barnes, S |
| 700 ## - ADDED ENTRY--PERSONAL NAME | |
| Personal name | Best, G |
| 700 ## - ADDED ENTRY--PERSONAL NAME | |
| Personal name | Brewer, S |
| 700 ## - ADDED ENTRY--PERSONAL NAME | |
| Personal name | Burwood, V |
| 700 ## - ADDED ENTRY--PERSONAL NAME | |
| Personal name | Carty, D |
| 700 ## - ADDED ENTRY--PERSONAL NAME | |
| Personal name | Cook, M |
| 700 ## - ADDED ENTRY--PERSONAL NAME | |
| Personal name | Cosgrave, Alan |
| 700 ## - ADDED ENTRY--PERSONAL NAME | |
| Personal name | Defoe, P |
| 700 ## - ADDED ENTRY--PERSONAL NAME | |
| Personal name | Empson, G |
| 700 ## - ADDED ENTRY--PERSONAL NAME | |
| Personal name | French, T |
| 700 ## - ADDED ENTRY--PERSONAL NAME | |
| Personal name | Gear, A |
| 700 ## - ADDED ENTRY--PERSONAL NAME | |
| Personal name | Green, A |
| 700 ## - ADDED ENTRY--PERSONAL NAME | |
| Personal name | Helps, D |
| 700 ## - ADDED ENTRY--PERSONAL NAME | |
| Personal name | Hubbard, J |
| 700 ## - ADDED ENTRY--PERSONAL NAME | |
| Personal name | Johnson, H |
| 700 ## - ADDED ENTRY--PERSONAL NAME | |
| Personal name | Kendall, D |
| 700 ## - ADDED ENTRY--PERSONAL NAME | |
| Personal name | Lee, D |
| 700 ## - ADDED ENTRY--PERSONAL NAME | |
| Personal name | Lee, W |
| 700 ## - ADDED ENTRY--PERSONAL NAME | |
| Personal name | Mills, R |
| 700 ## - ADDED ENTRY--PERSONAL NAME | |
| Personal name | Moore, P |
| 700 ## - ADDED ENTRY--PERSONAL NAME | |
| Personal name | Morgan, P |
| 700 ## - ADDED ENTRY--PERSONAL NAME | |
| Personal name | Neal, T |
| 700 ## - ADDED ENTRY--PERSONAL NAME | |
| Personal name | Potts, J. |
| 700 ## - ADDED ENTRY--PERSONAL NAME | |
| Personal name | Robinson, R |
| 700 ## - ADDED ENTRY--PERSONAL NAME | |
| Personal name | Tee, A |
| 700 ## - ADDED ENTRY--PERSONAL NAME | |
| Personal name | Wilson, R |
| 856 ## - ELECTRONIC LOCATION AND ACCESS | |
| Uniform Resource Identifier | <a href="https://www.rbprofessional.com">https://www.rbprofessional.com</a> |
| Public note | Access "Isurv construction" using your username and password... |
| 942 ## - ADDED ENTRY ELEMENTS (KOHA) | |
| Suppress in OPAC | 0 |
| Withdrawn status | Lost status | Source of classification or shelving scheme | Damaged status | Not for loan | Home library | Current library | Shelving location | Date acquired | Total Checkouts | Full call number | Barcode | Date last seen | Copy number | Price effective from | Koha item type |
|---|---|---|---|---|---|---|---|---|---|---|---|---|---|---|---|
| Dewey Decimal Classification | Virtual | Virtual | Online | 26/04/2004 | ONLINE PUBLICATION | 122696-2001 | 06/08/2019 | 1 | 06/08/2019 | Book |